000 00501nam a22001217a 4500
008 110621t xxu||||| |||| 00| 0 eng d
010 _aCACAF68
245 _aCourt of Appeal Civil Application No. 70 OF 2000 Dr. Jood Mofokeng Vs Hassan Kaddu Nkata and another
260 _c2000
500 _aCoram: Hon. Justice L.E.M. Mukasa-Kikonyogo, DCJ
500 _aApplication arisin gout of HCCS No. 757/1992
999 _c3421
_d3421